书目信息 |
| 题名: |
曲式分析基础教程
|
|
| 作者: | 高为杰 , 陈丹布 编著 | |
| 分册: | ||
| 出版信息: | 北京 高等教育出版社 1991 |
|
| 页数: | 266页 | |
| 开本: | 26cm | |
| 丛书名: | ||
| 单 册: | ||
| 中图分类: | J614.3 | |
| 科图分类: | ||
| 主题词: | 音乐--技术--理论 , 音乐--技术--方法 | |
| 电子资源: | ||
| ISBN: | 7-04-003328-3 | |
| 000 | 00693nam0 2200229 450 | |
| 001 | 0733912442 | |
| 005 | 20070715175358.71 | |
| 010 | @a7-04-003328-3@dCNY14.70 | |
| 100 | @a20070711d1991 km y0chiy0120 ea | |
| 101 | 0 | @achi |
| 102 | @aCN@b110000 | |
| 200 | 1 | @a曲式分析基础教程@Aqu shi fen xi ji chu jiao cheng@f高为杰,陈丹布编著@Fgao wei jie,chen dan bu bian zhu |
| 210 | @a北京@c高等教育出版社@d1991@h2001 | |
| 215 | @a266页@d26cm | |
| 300 | @a实用作曲理论基础 | |
| 606 | 0 | @a音乐@x技术@x理论 |
| 606 | 0 | @a音乐@x技术@x方法 |
| 690 | @aJ614.3@v3 | |
| 701 | 0 | @a高为杰@Agao wei jie@4编著 |
| 701 | 0 | @a陈丹布@Achen dan bu@4编著 |
| 801 | 0 | @aCN@bPFT@c20070715 |
| 905 | @a10447@dJ614.3@e477 | |
| 曲式分析基础教程/高为杰,陈丹布编著.-北京:高等教育出版社,1991(2001) |
| 266页;26cm |
| 实用作曲理论基础 |
| ISBN 7-04-003328-3:CNY14.70 |
| ● |
| 相关链接 |
|
|
|
|
正题名:曲式分析基础教程
索取号:J614.3/477
 
预约/预借
| 序号 | 登录号 | 条形码 | 馆藏地/架位号 | 状态 | 备注 |
| 1 | 0776939 | 207769397 | 第一样本阅览室/ [索取号:J614.3/477] | 在馆 | |
| 2 | 0776940 | 207769404 | 密集书库/ [索取号:J614.3/477] | 在馆 | |
| 3 | 0778144 | 207781444 | 密集书库/ [索取号:J614.3/477] | 在馆 |